000 00202 a2200097 4500
020 _a9780439793155
041 _aeng
100 _aKorman fontes, justine
245 _aBedtime for little monster
942 _cBK
999 _c763
_d763